|
|
|
|
| LEADER |
00000nam a2200000 i 4500 |
| 001 |
DIGUNICAT0041 |
| 003 |
NyNyDIG |
| 007 |
cr ||||||||||| |
| 008 |
231001s2019 ck a ob 000 0 spa d |
| 006 |
m o d |
| 035 |
|
|
|a (OCoLC)1104858606
|
| 040 |
|
|
|a DGITA
|b eng
|e rda
|e pn
|c DGITA
|
| 020 |
|
|
|a 9789588994802
|q eBook
|q pdf
|
| 020 |
|
|
|a 9789585983663
|q eBook
|q ePub
|
| 020 |
|
|
|z 9789585983656
|
| 043 |
|
|
|a s-ck---
|
| 050 |
1 |
4 |
|a HD62.5 ebook
|
| 245 |
0 |
0 |
|a Emprendimiento en Cali :
|b análisis dinámico /
|c autores, Martha Cecilia Vásquez Olave [and 9 others].
|
| 250 |
|
|
|a Primera edición.
|
| 264 |
|
1 |
|a Cali, Valle del Cauca, Colombia :
|b Sello Editorial Unicatólica :
|b Programa Editorial Universidad Autónoma de Occidente,
|c [2019]
|
| 300 |
|
|
|a 1 online resource :
|b illustrations.
|
| 336 |
|
|
|a text
|b txt
|2 rdacontent
|
| 337 |
|
|
|a computer
|b c
|2 rdamedia
|
| 338 |
|
|
|a online resource
|b cr
|2 rdacarrier
|
| 347 |
|
|
|a text file
|2 rdaft
|
| 347 |
|
|
|b PDF
|
| 504 |
|
|
|a Includes bibliographical references.
|
| 588 |
0 |
|
|a Online resource; title from PDF title page (Digitalia, viewed October 1, 2023)
|
| 650 |
|
0 |
|a Entrepreneurship
|z Colombia
|z Cali.
|
| 650 |
|
0 |
|a New business enterprises
|z Colombia
|z Cali.
|
| 700 |
1 |
|
|a Vásquez Olave, Martha Cecilia,
|e author.
|
| 791 |
2 |
|
|a Digitalia (Firm),
|e distributor.
|
| 793 |
0 |
|
|g Digitalia eBook Collection:
|a Unicatólica
|
| 776 |
0 |
8 |
|i Print version:
|t Emprendimiento en Cali.
|b Primera edición.
|d Cali, Valle del Cauca, Colombia : Sello Editorial Unicatólica : Programa Editorial Universidad Autónoma de Occidente, [2019]
|z 9789585983656
|
| 856 |
4 |
0 |
|3 Digitalia Hispánica
|u https://www.digitaliapublishing.com/a/129566/
|
| 910 |
|
|
|a Premium collection: 2023
|